000 00499nam a22001817a 4500
008 170411b xxu||||| |||| 00| p tur d
020 _a9754187185
041 _atur
050 _aPL248.B4687
100 _a Berfe, Süreyya
_9335
245 _aSeni Seviyorum Şiir
_cSüreyya Berfe
250 _a1. Baskı
260 _aİstanbul
_bAdam Yayınları
_cAğustos 2002
300 _a151 sayfa
500 _aKütüphanemizde 2 adet bulunmaktadır.
650 0 _9145
_aTürk Edebiyatı
942 _2lcc
_cBK
999 _c314
_d310